| 000 | 00946nam a2200229 a 4500 | ||
|---|---|---|---|
| 003 | 0 | ||
| 005 | 20250311143104.0 | ||
| 008 | 080728s19uu xx 00 eng d | ||
| 050 |
_aPGS BF 637.I5 _b.K49 2008 |
||
| 100 | _aKim, Soo Young. | ||
| 245 |
_aStudents' perception on the interpersonal and intrapersonal benefits of interest clubs to grade 5 & 6 ILC students of SISC / _cSoo Young Kim. |
||
| 260 |
_aLas PiƱas City, Philippines : _bSouthville International School and Colleges, _c2008. |
||
| 300 |
_a25 pages : _billustrations ; _c28 cm. |
||
| 504 | _aIncludes bibliographical references. | ||
| 650 |
_aStudent activities _vPsychological aspects. |
||
| 650 |
_aStudent clubs _vEducational aspects. |
||
| 650 |
_aExtracurricular activities _vSocial aspects. |
||
| 650 | _aInterpersonal relations in children. | ||
| 650 | _aSelf-awareness in children. | ||
| 650 | _aSocial participation in education. | ||
| 942 |
_2lcc _cPASS |
||
| 999 |
_c97964 _d97964 |
||